Tribhuvan University Central Library
Normal view MARC view
  • Quantum mechanics

Entry Topical Term

Number of records used in: 1

001 - CONTROL NUMBER

  • control field: 32395

003 - CONTROL NUMBER IDENTIFIER

  • control field: OSt

005 - DATE AND TIME OF LATEST TRANSACTION

  • control field: 20111117115452.0

008 - FIXED-LENGTH DATA ELEMENTS

  • fixed length control field: 111117|||a|||||| | ||| d

040 ## - CATALOGING SOURCE

  • Original cataloging agency: OSt
  • Transcribing agency: OSt

150 ## - HEADING--TOPICAL TERM

  • Topical term or geographic name as entry element: Quantum mechanics

670 ## - SOURCE DATA FOUND

  • Source citation: Work cat.: (OSt): Peleg, yoav Pnini, Reuven Zaarur, Elyahu Hetch, Eugene 32394, Schaum's outlines quantum mechanics, 2010

670 ## - SOURCE DATA FOUND

  • Source citation: Work cat.: (OSt): Peleg, yoav Pnini, Reuven Zaarur, Elyahu Hetch, Eugene 32394, Schaum's outlines quantum mechanics, 2010